Los designios del destino: dos opúsculos de Parerga y Paralipómena

Zapisane w:
Opis bibliograficzny
1. autor: Schopenhauer, Arthur (Autor)
Format: Książka
Język:hiszpański
Wydane: Madrid Tecnos 2008
Wydanie:3a. ed
Seria:Clásicos del Pensamiento
Hasła przedmiotowe:
Etykiety: Dodaj etykietę
Nie ma etykietki, Dołącz pierwszą etykiete!

MARC

LEADER 00000nam a2200000 a 4500
001 UCH5881
003 CL-VaPUC
008 091105e20080000SP |||||||||||||||||spa|d
020 |a 9788430948031 
082 0 4 |a 193  |b SCH  |2 21 
100 0 |a Schopenhauer, Arthur  |e author  |9 265694 
245 1 4 |a Los designios del destino: dos opúsculos de Parerga y Paralipómena 
250 |a 3a. ed 
300 |a 114 p 
942 |c BK 
945 |d 20091105 00:00:00  |a rbrito 
260 |a Madrid  |b Tecnos  |c 2008 
650 0 |a Filosofía alemana   |9 265002 
650 0 |a Filosofía contemporánea  |9 265372 
583 |a last modification  |c 20091105 00:00:00  |k Rodrigo Vera 
490 0 |a Clásicos del Pensamiento 
999 |c 336916  |d 336914 
952 |0 0  |1 0  |4 0  |6 193_000000000000000_SCH_2008  |7 0  |8 A  |9 428981  |a BIBEDU  |b BIBEDU  |d 2019-11-22  |i 4614305  |o 193 SCH 2008  |p 4614305  |r 2019-11-22  |w 2019-11-22  |y BK  |k FIL